| 000 | 00573nam a22001577a 4500 | ||
|---|---|---|---|
| 005 | 2012042101491.0 | ||
| 020 |
_a8175100583 _c345.00 |
||
| 035 | _aA-934395 | ||
| 037 |
_aDPL _bENG |
||
| 100 |
_aVijayan, Abraham _945569 |
||
| 245 |
_aCaste, class and agrarian relations in Kerala / _cby Abraham Vijayan |
||
| 260 |
_aNew Delhi _bReliance Publishing House _c1997 |
||
| 300 |
_avii, 214p. _c20 cms. |
||
| 942 |
_2ddc _cEN _h308.5 _mVIJ |
||
| 999 |
_c65424 _d65424 |
||